000 00477nam a2200181Ia 4500
001 1935
005 20260306143805.0
008 260306t2010||||xx |||||||||||||| ||spa||
041 _aESP
082 _a158.1
_bT72
100 _aToro, José María
_eAUT
245 0 _aDescanser descansar para ser:
_bPropuestas para liberarnos del secuestro del descanso
260 _c2010
300 _a294 páginas :
_c21 cm.
650 _aGEN
654 _aCPS
942 _cLIB
_dJUS
_fJUS
_2ddc
_n
999 _c1935
_d1935